Statistics for What Bits of British Place Names Mean

Click here to take the quiz!

General Stats

  • This quiz has been taken 70 times
  • The average score is 6 of 20

Answer Stats

placename fragmentmeaning% Correct
ben as in Ben Nevismountain
79%
nor as in Norwichnorth
73%
mere as in Windermerelake
63%
avon as in River Avonriver
60%
kirk as in Falkirkchurch
56%
by as in Grimsbyvillage
49%
pont as in Pontypriddbridge
46%
sut as in Suttonsouth
37%
ham as in Buckinghamfarm
24%
dun as in Dundeefort
19%
don as in Croydonvalley
16%
pool as in Liverpoolharbour
14%
le as in Chester-le-Streetnear
14%
wick as in Berwickbay
13%
ynys as in Ynys Monisland
13%
ton as in Northamptonestate
8%
cester as in Worcester(Roman) camp
8%
chipping as in Chipping Nortonmarket
6%
hithe as in Rotherhithewharf
5%
ing as in Readingpeople
2%

Score Distribution

Percentile by Number Answered

Percent of People with Each Score

Your Score History

You have not taken this quiz